zpět

Detail výsledku týmu

Club, Liberec

Datum a čas kvízu

37 Celkem bodů Celkový počet nahraných bodů na tomto kvízu bez doplňovacích otázek.
1. Pořadí na kvízu Konečné umístění týmu na tomto kvízu.

Zaznamenané odpovědi

# Otázka Odpověď Body Výsledky
1. Česká armáda se minulý týden r... Jak-40 1
2. V belgickém městě Verviers se... srdce 1
3. Pražské Národní muzeum zahájil... Sluneční králové 0
4. Přepestrou nabídku českých min... Chrudim 0
5. Do koňského nebe odešla minulý... Sixteen 0
6. Když se Roald Amundsen dozvědě... Robert Scott 1
7. Snahy o prozkoumání polárních... William Baffin 0
8. „Svět kolem mne byl tak laskav... Annapurna 1
9. Roku 1938 byla poprvé pokořena... Heinrich Harrer, Sedm let v Tibetu 0.5
10. Podmořští výzkumníci Jacques P... batyskaf 1